| Tag |
First Indicator |
Second Indicator |
Subfields |
| LEADER |
00000cam a2200000 i 4500 |
| 001 |
in00003963713 |
| 005 |
20211119132436.0 |
| 008 |
160219s2018 enk b 001 0 eng |
| 010 |
|
|
|a 2016003310
|
| 035 |
|
|
|a (OCoLC)ocn940957770
|
| 040 |
|
|
|a DLC
|e rda
|c DLC
|
| 020 |
|
|
|a 9781781790809
|q (hardback)
|
| 020 |
|
|
|a 1781790809
|q (hardback)
|
| 020 |
|
|
|a 9781781790793
|q (paperback)
|
| 020 |
|
|
|a 1781790795
|q (paperback)
|
| 020 |
|
|
|z 9781781794425
|
| 020 |
|
|
|z 9781781794432
|
| 050 |
0 |
0 |
|a P302.84
|b .Y68 2018
|
| 082 |
0 |
0 |
|a 401/.41
|2 23
|
| 049 |
|
|
|a TXAM
|
| 100 |
1 |
|
|a Young, Lynne,
|e author.
|
| 245 |
1 |
4 |
|a The power of language :
|b how discourse influences society /
|c Lynne Young, Michael Fitzgerald, and Saira Fitzgerald.
|
| 250 |
|
|
|a Second edition.
|
| 264 |
|
1 |
|a Sheffield, UK ;
|a Bristol, Connecticut :
|b Equinox Publishing Ltd,
|c 2018.
|
| 300 |
|
|
|a xii, 381 pages :
|b illustrations ;
|c 26 cm.
|
| 336 |
|
|
|a text
|b txt
|2 rdacontent
|
| 337 |
|
|
|a unmediated
|b n
|2 rdamedia
|
| 338 |
|
|
|a volume
|b nc
|2 rdacarrier
|
| 490 |
1 |
|
|a Equinox textbooks and surveys in linguistics
|
| 504 |
|
|
|a Includes bibliographical references and index.
|
| 505 |
0 |
|
|a Language and international conflict -- Language and political fear -- Language and racism -- Language and advertising -- Language and organizations -- Language in modern trends -- Power in spoken language -- Multimodal communication -- Language and social media.
|
| 650 |
|
0 |
|a Discourse analysis
|x Social aspects.
|
| 650 |
|
0 |
|a Functionalism (Linguistics)
|
| 700 |
1 |
|
|a Fitzgerald, Michael,
|e author.
|
| 700 |
1 |
|
|a Fitzgerald, Saira,
|e author.
|
| 830 |
|
0 |
|a Equinox textbooks and surveys in linguistics.
|
| 945 |
|
|
|b 437692
|
| 947 |
|
|
|a A14850282824
|
| 948 |
|
|
|a cataloged
|b h
|c 2021/11/19
|d c
|e dmitchel
|f 1:20:10 PM
|
| 994 |
|
|
|a C0
|b TXA
|
| 999 |
f |
f |
|s 6cb38fd0-ee01-33b4-a32d-2c2cce0b927e
|i 75f2578a-acb3-36f3-b4b3-f55b6bab8a51
|t 0
|
| 952 |
f |
f |
|p normal
|a Texas A&M University
|b College Station
|c Sterling C. Evans Library
|d Evans: Library Stacks
|t 0
|e P302.84 .Y68 2018
|h Library of Congress classification
|i unmediated -- volume
|m A14850282824
|
| 998 |
f |
f |
|a P302.84 .Y68 2018
|t 0
|l Evans: Library Stacks
|